La reforma protestante: Lutero. Melancton. Zwinglio. Calvino. Vergerio. Ochino. Sozzini
محفوظ في:
| المؤلف الرئيسي: | |
|---|---|
| التنسيق: | كتاب |
| اللغة: | الإسبانية |
| منشور في: |
Ciudad de México
Hispano Americana
1961
|
| الطبعة: | 1a. ed |
| سلاسل: | Manuales Uteha. Religión, 96
|
| الموضوعات: | |
| الوسوم: |
إضافة وسم
لا توجد وسوم, كن أول من يضع وسما على هذه التسجيلة!
|
MARC
| LEADER | 00000cam a2200000 a 4500 | ||
|---|---|---|---|
| 001 | UCD4976 | ||
| 003 | CL-VaPUC | ||
| 008 | 160731e19610000mx |||||||||||||||||spa|d | ||
| 082 | 0 | 4 | |a 280.4 |b ALB |2 21 |
| 100 | 0 | |a Alberigo, Giuseppe |e author |9 588690 | |
| 245 | 1 | 3 | |a La reforma protestante: Lutero. Melancton. Zwinglio. Calvino. Vergerio. Ochino. Sozzini |
| 250 | |a 1a. ed | ||
| 300 | |a 282 p | ||
| 942 | |c BK | ||
| 945 | |d 20160731 21:25:00 |a arojas | ||
| 260 | |a Ciudad de México |b Hispano Americana |c 1961 | ||
| 650 | 0 | |a Protestantismo |9 317293 | |
| 650 | 0 | |a Reforma protestante |9 399322 | |
| 583 | |a last modification |c 20160731 21:25:00 |k Rodrigo Vera | ||
| 490 | 0 | |a Manuales Uteha. Religión, 96 | |
| 999 | |c 365754 |d 365752 | ||
| 952 | |0 0 |1 0 |3 erb |4 0 |6 280_400000000000000_ALB_1961 |7 0 |8 P |9 479704 |a BIBTEO |b BIBTES |c TEO_FTES |e Villagrán Garnham, Jorge |i 5317363 |o 280.4 ALB 1961 |p 5317363 |r 2024-01-18 |w 2019-11-24 |y BK |z Catalogado en:20160731 |k ICR | ||